|
|
|
|
| LEADER |
00000nab a2200000 a 4500 |
| 001 |
vtls001025249 |
| 003 |
SK-MaSNL |
| 005 |
20260303042713.0 |
| 008 |
040720e19980402xo 0 slo |
| 035 |
|
|
|a SL3806
|
| 040 |
|
|
|a SLLK
|b slo
|c SLLK
|e AACR2
|
| 041 |
0 |
|
|a slo
|
| 044 |
|
|
|a xo
|c SK
|
| 080 |
|
|
|a 379.8
|2 1981
|
| 100 |
1 |
|
|a Troščáková, Helena
|4 aut
|9 1027671
|
| 245 |
1 |
0 |
|a Kto skôr vstal, neoľutoval
|b zaujímavý program na jarné prázdniny
|
| 610 |
2 |
7 |
|a Centrum voľného času (Stará Ľubovňa, Slovensko)
|2 SLLK
|9 59256
|
| 650 |
0 |
7 |
|a prázdniny (školské)
|2 SLLK
|9 29906
|
| 650 |
0 |
7 |
|a programy prázdninové
|2 SLLK
|9 1022599
|
| 650 |
0 |
7 |
|a informácie
|2 SLLK
|9 1285
|
| 655 |
|
7 |
|a periodikum
|2 snkbucl
|9 29553
|
| 710 |
2 |
|
|a Centrum voľného času (Stará Ľubovňa, Slovensko)
|4 aut
|9 59256
|
| 773 |
0 |
8 |
|t Ľubovnianske noviny
|g Roč. 24, č.13, 2.4.1998, s. 3
|
| 852 |
|
|
|a ZVYKNI
|b KIS3GCP
|
| 999 |
|
|
|c 1693413
|d 1695343
|